MDQL
is popping MORE tags! Check the
thread
!
Quizzes
Events
Quiz Creation
Community
Videos
Private Events
Remove Ads
Sign In
Join for FREE
Feedback
Dark Mode
Quiz Categories
Sports
Geography
Music
Movies
Television
Just For Fun
Miscellaneous
History
Literature
Language
Science
Gaming
Entertainment
Religion
Holiday
For Kids
Quiz Lab
Recent
Popular Today
Quiz Kudos Today
Editor Picks
Curator Picks
Quizzes by...
Day
Popularity
Type
Ratings
Length
Year
Community
Subscriptions
Recent Discussions
Orange Saloon
Badges
Playlists
Quests
Create
Leaderboards
Showdown
Live 5
Trivia Bingo
Activity
Puzzle Library
Sporcle Events
Private Events
Virtual Trivia
Globe League
Become a Host
Pub Owners
SporcleCon
Opinionation
Our Games
Videos
Blog
Mobile Apps
Partnerships
Remove Ads and Go Orange
Feedback
Music
Pop Music
The Beatles
Song
Album
Lyrics
Bands
Singers
Artist
Clip
Rock
Rap
Classical
Billboard
Country Music
Kpop
Taylor Swift
Music
Pop Music
The Beatles
Song
Album
Lyrics
Bands
Singers
Artist
Clip
Rock
Rap
Classical
Billboard
Country Music
Kpop
Taylor Swift
Random Quiz
Search Sporcle
×
Quiz Lab
Quiz Lab
Music
Terminology
Type in answers that appear in a list
Type in answers that appear in a list
Classic
Best Score? Go Orange.
Baroque Terminology Stats
Can you name the Baroque Terminology?
By
Maitrequestion
10m
10 Questions
41 Plays
41 Plays
41 Plays
Comments
Comments
Give Quiz Kudos
Give Quiz Kudos
-
- Ratings
hide this ad
Random Order
Randomize order of answers
Randomize order of answers
Replay
Link that replays current quiz
Next Quiz
Link to next quiz in quiz playlist
You Got
0%
They Got
Avg Score
31%
Avg Friend Score
Upgrade to see
Score Distribution
Jump to the score distribution portion of the page
Score
0/10
Timer
10:00
0
Plays Today
Definition
Term
% Correct
A form which relies on imitation of the subject
fugue
68.3%
Two or more melodies combined at the same time often with independent rhythms
counterpoint
53.7%
A part played by one bass instrument and one harmony instrument in a baroque ensemble
continuo
46.3%
A rhythm which has accents on the off-
beats of a bar
syncopation
46.3%
A rhythmic device in which a rhythm in 3 is treated in 2
hemiola
34.1%
A form which has a recurring theme often played in different keys and separated by modulating passages
ritornello
26.8%
I IV VII III VI II V I
circle of fifths
17.1%
A form comprised of two sections, the latter section containing some material from the first
rounded binary
9.8%
A sequence of chords that define the key of the piece
functional harmony
7.3%
A modulating passage
episode
7.3%
Quiz Playlist
Details
Report
Send in Message
Add To Playlist
Classic:
Type in answers that appear in a list
Random Order:
Randomize order of answers
Last Updated: Feb 16, 2017
Quiz Scoreboard
CHALLENGE
Sign Up to Join the Scoreboard
Show All
Scores
Hide
Comments
May contain spoilers
Recently Published
Find the 'City' Movie
by crazypaving
Movies
60s
5x2 Blitz: Bands
by SL_Kpop136
Music
30s
Colored Red Africa Blitz
by spor1
Geography
30s
More to Explore
Quiz From the Vault
Featured Blog Post
14 Easter Pick-up Lines to Find Eggs With
hide this ad
You Might Also Like...
Tags
Baroque
Terminology
Today's Top Quizzes in Music
Browse Music
hide this ad
Today's Top Quizzes in Terminology
Browse Terminology
Top Contributed Quizzes in Music
1
5X2 Blitz: Bands II
2
Taylor Swift All Songs (2024)
3
Taylor Swift Logic Puzzle II
4
5X2 Blitz: The Beatles
5
5X2 Blitz: Billboard
6
Taylor Swift Logic Puzzle
7
5X2 Blitz: Billboard II
8
5X2 Blitz: Album
9
5X2 Blitz: Singers
10
Music Artist by Three 2010s hits
Explore More
Trending Topics
Anime
Disney
Crossword
Marvel
NBA
Kpop
Harry Potter
Puzzle
The Office
Country
Pokémon
Soccer
NFL
Song
WWE
hide this ad
More By:
Maitrequestion
Quiz
Plays
Rating
Category
Featured
Created
Jazz Terminology
928
1.00
Music
Oct 3, 2010
Composers of the Baroque Period
257
1.50
Music
Sep 27, 2010
Composers of the Romantic Period
153
3.50
Music
Sep 27, 2010
Duke Ellington Band
74
5.00
Music
Sep 28, 2010
Baroque Terminology
41
Music
Sep 18, 2010
Go to Creator's Profile
Score Distribution
Quiz Creator Spotlight
Maitrequestion
Follow
Send a Message
Quizzes Created
-
Created Quiz Play Count
-
More By This Creator
Popular Quizzes Today
1
Colored Red Africa Blitz
2
Find the US States - No Outlines Minefield
3
Find the 'City' Movie
4
5x2 Blitz: Bands
5
The Countries of the World
6
Find the US States
7
US States
8
9x9 Crossword: Cartoon Network
More Music Quizzes
Can you name all Midnights (3am Edition) songs?
Quiz Lab
Trending Quizzes
Colored Red Europe Blitz I
Colored Red Europe Blitz II
Colored Red Africa Blitz II
Colored Red Europe Blitz III
Colored Red Africa Blitz III
Recently Updated
Godzilla Movies
pecheneg
Grab Bag: 4-10 Letters
pecheneg
2024 March Madness Bracket
pecheneg
Famous TV Couples
Peacemaker
Champions League XIs: Real Madrid
pecheneg
Largest US Cities 1790-2010
pecheneg
Rides in Walt Disney World
pecheneg
Most Oscar Losses (Acting)
pecheneg
Beyoncé Albums
pecheneg
Leaping Animals
pecheneg
Trending Topics
Marvel
Disney
NBA
Kpop
Anime
Harry Potter
Crossword
WWE
Song
Country
Pokémon
The Office
NFL
Puzzle
Soccer
Your Account Isn't Verified!
In order to create a playlist on Sporcle, you need to verify the email address you used during registration. Go to your
Sporcle Settings
to finish the process.
Report this User
Report this user for behavior that violates our
Community Guidelines
.
Details:
Send Report
Go to the Sporcle.com Mobile Site →
Comments